African Countries with Letter Z - Statistics

General Stats
  • This quiz has been taken 135 times
  • The average score is 4 of 5
Answer Stats
Country % Correct
Zimbabwe
100%
Zambia
99%
Mozambique
90%
Tanzania
82%
Swaziland
76%
No matching quizzes found
Score Distribution
Percent of People with Each Score
Percentile by Number Answered
Your Score History
You have not taken this quiz